Probability, random variables, and stochastic processes / (Record no. 1551)

MARC details
000 -LEADER
fixed length control field 00567cam a2200181 4500
001 - CONTROL NUMBER
control field 2001
005 - DATE AND TIME OF LATEST TRANSACTION
control field 20181127164351.0
008 - FIXED-LENGTH DATA ELEMENTS--GENERAL INFORMATION
fixed length control field 711216s1965 nyua 000 0 eng
010 ## - LIBRARY OF CONGRESS CONTROL NUMBER
LC control number 64022956
100 1# - MAIN ENTRY--PERSONAL NAME
Personal name Papoulis, Athanasios,
Dates associated with a name 1921-
245 10 - TITLE STATEMENT
Title Probability, random variables, and stochastic processes /
Statement of responsibility, etc. Athanasios Papoulis.
260 ## - PUBLICATION, DISTRIBUTION, ETC.
Place of publication, distribution, etc. New York :
Name of publisher, distributor, etc. McGraw-Hill,
Date of publication, distribution, etc. 1965.
300 ## - PHYSICAL DESCRIPTION
Extent xi, 583 p.
Other physical details ill. ;
Dimensions 23 cm.
490 0# - SERIES STATEMENT
Series statement McGraw-Hill series in systems science
650 #0 - SUBJECT ADDED ENTRY--TOPICAL TERM
Topical term or geographic name entry element Probabilities.
Topical term or geographic name entry element Random variables.
Topical term or geographic name entry element Stochastic processes.
Holdings
Withdrawn status Lost status Source of classification or shelving scheme Damaged status Not for loan Collection code Home library Current library Shelving location Serial Enumeration / chronology Inventory number Total Checkouts Full call number Barcode Date last seen Price effective from Koha item type
    Dewey Decimal Classification     Main TEST RTC Library RTC Library Main opac 1169   519.23 PAP 30003181 27/11/2018 27/11/2018 Main
Royal Thimphu College || All Right Reserved